| 000 | 00337 a2200145 4500 | ||
|---|---|---|---|
| 001 | 166982 | ||
| 020 | _a | ||
| 040 | _cMagnum | ||
| 100 | _aKohan, Walter Omar | ||
| 240 | 1 | 0 |
_aFilosofia para criancas: em debate - v.4 _lpor |
| 245 | 1 | 0 | _aFilosofia para criancas: em debate - v.4 |
| 362 | 0 | _a1899 | |
| 697 | _aFILOSOFIA | ||
| 942 | _cBK | ||
| 999 |
_c166982 _d166982 |
||